00477nmm a2200169Ia 4500008004100000020001800041041000800059100001700067245002200084264006400106300001800170490002200188650002200210856005100232942000700283999001700290251105s9999||||xx |||||||||||||||||und|| a9788483931912 aspa aZaldua, Iban 0aBiodiscografías a[Madrid, España] :bEditorial Páginas de Espuma, c2015 a203 páginas aVoces. Literatura aSpanish narrative uhttps://public.digitaliapublishing.com/a/44191 cCF c86391d86391